Llibre blanc dels museus de Catalunya : criteris per a l'organització del patrimoni museístic pel país / Subdirecció General de Museus, d'Arts Plàstiques i d'Arqueologia, Servei de Museus criteris per a l'organització del patrimoni museístic pel país / Subdirecció General de Museus, d'Arts Plàstiques i d'Arqueologia, Servei de Museus
Descripción Física:
81 p. ; 24 cm
Materias:
Museus -- Catalunya
MARC
| LEADER | 00000nam a2200000Ia 4500 | ||
|---|---|---|---|
| 001 | 1426 | ||
| 008 | 160829s1984 xx 000 0 cat d | ||
| 080 | |a B-1-333 | ||
| 100 | |a Catalunya. Servei de Museus |9 20833 | ||
| 245 | |a Llibre blanc dels museus de Catalunya : |b criteris per a l'organització del patrimoni museístic pel país / Subdirecció General de Museus, d'Arts Plàstiques i d'Arqueologia, Servei de Museus | ||
| 260 | |a Barcelona : |b Departament de Cultura de la Generalitat de Catalunya, |c 1984 | ||
| 300 | |a 81 p. ; |c 24 cm | ||
| 650 | |a Museus |x Catalunya |9 30429 | ||
| 710 | 2 | |a Catalunya. |b Departament de Cultura |9 52819 | |
| 901 | |a Arxiu | ||
| 942 | |n 1 | ||
| 952 | |0 0 |1 0 |4 0 |6 B1333 |7 1 |9 41704 |a Arxiu |b Arxiu |d 2016-12-01 |l 0 |o B-1-333 |p 1426 |r 2016-12-01 00:00:00 |w 2016-12-01 |y ARXIU | ||
| 999 | |c 43594 |d 43594 | ||